000 01110cam a2200337Mi 4500
001 82689
005 20230410102057.0
008 000721s1987 cr b 000 0 spa d
010 _a 88154491
035 _a(OCoLC)ocm18557661
040 _aDLC
_cDLC
_dOCLCG
019 _a17530972
020 _a9977520194
020 _a9789977520193
035 _a(OCoLC)18557661
_z(OCoLC)17530972
043 _anwdr---
050 1 4 _a118 JL 1138
_bB828a 1987
082 0 0 _a324.97293/054
100 1 _aBrea Franco, Julio,
_d1948-
245 1 0 _aAdministración y elecciones :
_bla experiencia dominicana de 1986 /
_cJulio Brea Franco.
260 _aSan José, Costa Rica :
_bCentro Interamericano de Asesoría y Promoción Electoral-CAPEL, Instituto Interamericano de Derechos Humanos,
_c1987.
300 _a84 p. ;
_c22 cm.
490 1 _aCuadernos de CAPEL ;
_v19
504 _aBibliography: p. 83-84.
650 0 _aElections
_zDominican Republic.
650 4 _aElecciones
_zRepública Dominicana.
650 4 _a20151200
830 0 _aCuadernos de CAPEL ;
_v19.
942 _2lcc
_cbk
994 _aC0
_bDRFGD
999 _c18570
_d18570